000 00441nam a22001697a 4500
003 SGT
020 _a9788132219095
082 _a617.8
_bI14M
100 _aMANKEKAR, GAURI
245 _aIMPLANTABLE HEARING DEVICES OTHE THAN COCHLEAR IMPLANTS
250 _a1ST
260 _aINDIA
_bSPRINGER PUB
_c2014
300 _a109
650 _aAUDIOLOGY
653 _aIMPLANTABLE HEARING DEVICES OTHE THAN COCHLEAR IMPLANTS
942 _2ddc
_cBK
999 _c23285
_d23285